000 00577nam a2200181Ia 4500
008 100920s9999 xx 000 0 und d
082 _b82342
_a520 न 01
100 _aघाणेकर मधुसूदन.
245 _aसंमोहन! संमोहन!!.
260 _bअत्रे प्रकाशन,पुणे.
_c2001
300 _a24
_bसाधी
365 _b15
520 _aशाअ.
630 _aसंमोहन! संमोहन!!.
650 _aशाअ.
730 _aसंमोहन! संमोहन!!.
942 _cBOOK
999 _c723057
_d723054